Classement Exact du ballon d'or 2025 - Statistiques

Statistiques générales
  • Ce quiz a été pris 95 fois
  • Le résultat moyen est 15 sur 30
Statistiques - réponses
Hint Réponse % Correct
2 Lamine Yamal
100%
1 Ousmane Dembele
100%
3 Vitinha
94%
4 Mohamed Salah
87%
6 Achraf Hakimi
84%
5 Raphinha
82%
7 Kylian Mbappe
79%
8 Cole Palmer
74%
9 Gianluigi Donnarumma
73%
10 Nuno Mendes
69%
11 Pedri
69%
14 Désiré Doué
61%
30 Michael Olise
61%
19 Joao Neves
48%
12 Khvicha Kvaratskhelia
48%
13 Harry Kane
45%
16 Vinicius Junior
42%
24 Fabian Ruiz
39%
26 Erling Haaland
32%
15 Viktor Gyokeres
32%
28 Virgil Van Dijk
31%
23 Jude Bellingham
29%
17 Robert Lewandowski
27%
27 Declan Rice
24%
21 Serhou Guirassy
23%
29 Florian Wirtz
19%
22 Alexis Mac Allister
18%
20 Lautaro Martinez
16%
18 Scott McTominay
16%
25 Denzel Dumfries
15%
Aucun quiz correspondant
Distribution des résultats
% des personnes avec chaque résultat
Percentile par nombre de réponses
Votre historique - résultats
Vous n’avez pas pris ce quiz